<?xml version="1.0" encoding="UTF-8"?>
<marc:record xmlns:marc="http://www.loc.gov/MARC21/slim">
   <marc:leader>00000nam a2200000 a 4500</marc:leader>
   <marc:datafield ind1="1" ind2=" " tag="100">
      <marc:subfield code="a">Schacht, Andrea</marc:subfield>
      <marc:subfield code="4">aut</marc:subfield>
      <marc:subfield code="e">Verfasser/-in</marc:subfield>
   </marc:datafield>
   <marc:datafield ind1="0" ind2="0" tag="245">
      <marc:subfield code="a">Die Herrin des Labyrinths</marc:subfield>
   </marc:datafield>
   <marc:datafield ind1="0" ind2="0" tag="245">
      <marc:subfield code="b">Roman</marc:subfield>
   </marc:datafield>
   <marc:datafield ind1="0" ind2="0" tag="245">
      <marc:subfield code="c">Andrea Schacht</marc:subfield>
   </marc:datafield>
   <marc:datafield ind1=" " ind2="1" tag="264">
      <marc:subfield code="a">Berlin</marc:subfield>
      <marc:subfield code="b">Rütten &amp; Loening</marc:subfield>
      <marc:subfield code="c">2013</marc:subfield>
   </marc:datafield>
   <marc:datafield ind1=" " ind2=" " tag="250">
      <marc:subfield code="a">1. Aufl.</marc:subfield>
   </marc:datafield>
   <marc:datafield ind1="1" ind2=" " tag="520">
      <marc:subfield code="a">Angaben aus der Verlagsmeldung

Die Herrin des Labyrinths : Roman Schacht. Die Herrin des Labyrinths / von Andrea Schacht

Ein geheimes Vermächtnis

Nachdem ihre Mutter bei Unruhen in Ägypten umgekommen ist, wird Amanda von einer deuten Familie adoptiert und wächst in Deutschland auf. Doch die vagen Erinnerungen an die ersten Lebensjahre führen dazu, dass sich sie ihr Leben lang mit der Frage beschäftigt: Wer bin ich? Nach einer gescheiterten Ehe und dem Tod ihrer Adoptiveltern lernt Amanda als erwachsene Frau eine alte Dame kennen, die sie bis zu deren Tod pflegt. Auf dem Sterbebett bittet Gita sie, das Kind ihrer seit Jahren verschollenen Tochter Josiane zu suchen, damit es sein Erbe antreten kann. Zögernd beginnt Amanda die beinahe aussichtslose Suche. Als einzige Hinweise erhält sie einen Brief, der die Nachricht über Josianes Tod enthält, eine alte Münze und ein seltsamen Rätselspruch.

Ein Roman über Tanz, Liebe und die Frage, welchen Weg man gehen muss, um sich selbst zu entdecken.
</marc:subfield>
   </marc:datafield>
   <marc:datafield ind1=" " ind2=" " tag="020">
      <marc:subfield code="a">9783352008580</marc:subfield>
      <marc:subfield code="9">9783352008580</marc:subfield>
   </marc:datafield>
   <marc:datafield ind1=" " ind2=" " tag="020">
      <marc:subfield code="a">3352008582</marc:subfield>
      <marc:subfield code="9">3352008582</marc:subfield>
   </marc:datafield>
   <marc:datafield ind1=" " ind2=" " tag="300">
      <marc:subfield code="a">447 S.</marc:subfield>
   </marc:datafield>
</marc:record>
